A model of cooperative learning with intergroup competition and findings when applied to an interactive video reading program (Record no. 72880)

MARC details
000 -CABECERA
campo de control de longitud fija 00769nam a2200241 a 4500
005 - FECHA Y HORA DE LA ÚLTIMA TRANSACCIÓN
campo de control 20210219153258.0
008 - ELEMENTOS DE LONGITUD FIJA--INFORMACIÓN GENERAL
campo de control de longitud fija 991125n 000 0 u
035 ## - NÚMERO DE CONTROL DEL SISTEMA
Número de control de sistema UPN01000088205
100 ## - ASIENTO PRINCIPAL--NOMBRE PERSONAL
Nombre de persona Signer, Barbara R.
222 #0 - TÍTULO CLAVE
Título clave JOURNAL OF RESEARCH ON COMPUTING IN EDUCATION
245 #0 - MENCIÓN DE TÍTULO
Título A model of cooperative learning with intergroup competition and findings when applied to an interactive video reading program
300 ## - DESCRIPCIÓN FÍSICA
Extensión 141-158
362 ## - FECHAS DE PUBLICACIÓN Y/O DESIGNACIÓN SECUENCIAL
Fecha de publicación y/o designación secuencial 25, No. 2, 1992
505 ## - NOTA DE CONTENIDO CON FORMATO PREESTABLECIDO
Nota de contenido con formato Julio 1993
653 0# - TERMINO DE INDIZACION - NO CONTROLADO
Término no controlado APRENDIZAJE COOPERATIVO
653 0# - TERMINO DE INDIZACION - NO CONTROLADO
Término no controlado COMPETENCIA
653 0# - TERMINO DE INDIZACION - NO CONTROLADO
Término no controlado DIFERENCIAS SEXUALES
653 0# - TERMINO DE INDIZACION - NO CONTROLADO
Término no controlado DISEÑO ASISTIDO POR ORDENADOR
653 0# - TERMINO DE INDIZACION - NO CONTROLADO
Término no controlado RELACIONES INTERGRUPALES
653 0# - TERMINO DE INDIZACION - NO CONTROLADO
Término no controlado VIDEO INTERACTIVO
904 ## - ELEMENTOS DE DATOS D LOCAL, LDD (RLIN)
a AC
b 026016
905 ## - TIPO DE MATERIAL
Tipo de material Articulo

No items available.